00472nam a2200121 a 450000100100000000500170001000800410002704000250006810000170009324501830011026000310029330000260032400003659020200930075820.0120120s1978 es 000 0 spa d aDO-SdBNPbspacBNPHU1 aMason, E. J.10aNormas de calidad de enfermeria :bmétodos de elaboración /cE.J. Mason ; revisión de la edición española Pilar Vilagrasa Ortí ; traducción Margarita Mogás Oliva. aBarcelona :bDoyma,c1978. aXVI, 279 p. ;c22 cm.